[Event "Titled Tuesday intern op 22nd Nov Late"]
[Site "Chess.com INT"]
[Date "2022.11.22"]
[Round "7"]
[White "Prem, Pranav"]
[Black "Tarnowska, Aleksandra"]
[Result "1-0"]
[WhiteElo "2061"]
[BlackElo "1835"]
[PlyCount "131"]
[EventDate "2022.11.22"]
[EventType "swiss (blitz)"]
[EventRounds "11"]
[EventCountry "USA"]
[SourceTitle "CBM 211 Extra"]
[Source "ChessBase"]
[SourceDate "2023.01.31"]
[SourceVersion "1"]
[SourceVersionDate "2023.01.31"]
[SourceQuality "1"]

1. d4 d5 2. c4 c6 3. Nf3 Nf6 4. e3 Bf5 5. Nc3 e6 6. Nh4 Bg6 7. Be2 Be7 8. 0-0 Nbd7 9. Qb3 Qb6 10. Bd2 0-0 11. Nxg6 hxg6 12. c5 Qxb3 13. axb3 e5 14. b4 a6 15. Bd1 Ne8 16. b5 Nc7 17. bxc6 bxc6 18. Na4 Rfb8 19. Be2 f5 20. Ba5 Nb5 21. dxe5 Nxe5 22. Nb6 Ra7 23. Rfc1 Nd7 24. Nxd7 Rxd7 25. Bb6 Ra8 26. Bxb5 cxb5 27. c6 Rd6 28. c7 Rxb6 29. c8Q+ Rxc8 30. Rxc8+ Kh7 31. Rac1 Bf6 32. b3 a5 33. R1c6 Rb7 34. g3 a4 35. bxa4 bxa4 36. Ra6 Rb4 37. Rca8 d4 38. exd4 Bxd4 39. Rxa4 Rb1+ 40. Kg2 Bf6 41. Ra2 Rb3 42. Rc2 Rd3 43. h3 Rd1 44. Rac8 Rd3 45. Re2 Rb3 46. Re3 Rb7 47. Kf3 Bd4 48. Rd3 Bf6 49. Rc2 Rb4 50. h4 Rb5 51. Kg2 Rb4 52. f4 Ra4 53. Kf3 Ra1 54. Rc8 Rf1+ 55. Kg2 Rb1 56. Ra3 Rb2+ 57. Kf3 Bd4 58. g4 Rf2+ 59. Kg3 Rf1 60. gxf5 gxf5 61. Rf8 Rg1+ 62. Kf3 Rf1+ 63. Kg3 Rg1+ 64. Kh2 Rg4 65. Rxf5 Rxh4+ 66. Kg3 1-0

[Event "Titled Tuesday intern op 22nd Nov Late"]
[Site "Chess.com INT"]
[Date "2022.11.22"]
[Round "8"]
[White "Principe, Gerson"]
[Black "Prem, Pranav"]
[Result "1/2-1/2"]
[WhiteElo "2229"]
[BlackElo "2061"]
[PlyCount "109"]
[EventDate "2022.11.22"]
[EventType "swiss (blitz)"]
[EventRounds "11"]
[EventCountry "USA"]
[SourceTitle "CBM 211 Extra"]
[Source "ChessBase"]
[SourceDate "2023.01.31"]
[SourceVersion "1"]
[SourceVersionDate "2023.01.31"]
[SourceQuality "1"]

1. d4 d5 2. Nf3 Nf6 3. c4 e6 4. Nc3 Be7 5. Bg5 0-0 6. e3 Nbd7 7. cxd5 exd5 8. Bd3 c6 9. Qc2 Re8 10. 0-0 Nf8 11. Rae1 Ne4 12. Bxe7 Qxe7 13. Bxe4 dxe4 14. Nd2 f5 15. Nc4 Ng6 16. a3 Be6 17. Nd2 Qg5 18. f4 Qe7 19. Na4 Bd5 20. Nc5 b6 21. Na4 Rac8 22. b4 Nf8 23. Rc1 Ne6 24. Nc3 Qd7 25. Qb2 Nc7 26. Rc2 Nb5 27. Nxb5 cxb5 28. Rfc1 Bb7 29. Rc3 Rxc3 30. Rxc3 Rc8 31. Qc2 Rxc3 32. Qxc3 Bd5 33. Qc2 h6 34. Qc1 Qe7 35. Qc8+ Qf8 36. Qd7 Qf7 37. Qxb5 h5 38. a4 h4 39. a5 bxa5 40. bxa5 h3 41. g3 Kh7 42. Qe2 Kg8 43. Kf2 Qc7 44. g4 fxg4 45. Qxg4 Qxa5 46. Qc8+ Kh7 47. Qf5+ Kg8 48. Nxe4 Qa2+ 49. Ke1 Bxe4 50. Qxe4 Qxh2 51. Qe8+ Kh7 52. Qh5+ Kg8 53. Qe8+ Kh7 54. Qh5+ Kg8 55. Qe8+ 1/2-1/2